| 000 | 00985nam a2200253 a 4500 | ||
|---|---|---|---|
| 001 | 40590 | ||
| 003 | BD-RjUL | ||
| 005 | 20211209053239.0 | ||
| 008 | 160504r19541945bg ||||| |||| 00| 0 ben d | ||
| 020 | _c: PRs.4.00 | ||
| 035 | _a(BD-RjUL)40705 | ||
| 040 |
_aBD-RjUL _bben _cBD-RjUL |
||
| 041 | _aben | ||
| 082 |
_223 _a297.12267 _bGAG 1954 |
||
| 100 |
_aগযা্লী, ইমাম _9124914 |
||
| 245 |
_aজ্ঞান সিন্ধু / _cইমাম গযা্লী , এস,এম. ইসহাক সম্পাদিত |
||
| 250 | _a২য় সং- | ||
| 260 |
_aরাজশাহী : _bফারুক লাইব্রেরী, _c১৯৫৪ |
||
| 300 |
_a[৬], ৪০৪ পৃ. ; _c২০ সেমি. |
||
| 650 |
_aইসলাম _9124915 _xঐতিহাসিক সমালোচনা |
||
| 650 |
_aIslam _9124916 _xhistorical criticism |
||
| 700 |
_aইসহাক, এস,এম. সম্পাদিত _9124917 |
||
| 942 |
_2ddc _cBK |
||
| 999 |
_c40590 _d40590 |
||